Kultúrna identita Katalánska v komparácii s majoritnou španielskou kultúrou diplomová práca

Enregistré dans:
Détails bibliographiques
Auteur principal: Iván, Ondrej
Collectivité auteur: Fakulta medzinárodných vzťahov EU. Katedra medzinárodných politických vzťahov
Autres auteurs: Zágoršeková, Marta
Format: Livre
Langue:slovaque
Publié: Bratislava 2019
Tags: Ajouter un tag
Pas de tags, Soyez le premier à ajouter un tag!

MARC

LEADER 00000nbm a2200000 4500
001 0255113
005 20190806133510.6
041 0 |a slo 
044 |a SK 
245 1 0 |a Kultúrna identita Katalánska v komparácii s majoritnou španielskou kultúrou  |b diplomová práca  |c Ondrej Iván ; školiteľ: Marta Zágoršeková 
264 1 |a Bratislava  |c 2019 
300 |a 65 s. 
100 1 |a Iván, Ondrej 
700 1 |a Zágoršeková, Marta 
710 2 |a Fakulta medzinárodných vzťahov EU. Katedra medzinárodných politických vzťahov